000 00983nam0a22002531 4500
001 rc\3400978
005 20250609235344.0
021 _aRU
_b[72-20865]
035 _a(NLR Aleph) 007573493
090 _a5430661
_c5430661
100 _a20130115d1971 |||y0rusy50 ca
101 0 _arus
102 _aRU
105 _ay z |||||
200 1 _aРекомендации по составлению плана организационно-хозяйственного устройства
_fКраснояр. науч.-исслед. ин-т сельск. хоз-ва
210 _aКрасноярск
_cБ. и.
_d1971
215 _a68 с.
_d20
606 _aСельскохозяйственные предприятия
_xПланирование
_2psbo
712 0 2 _aКрасноярский НИИ сельского хозяйства
_9310097
_3RU\NLR\AUTH\8818446
801 0 _aRU
_bNLR
_gpsbo
801 1 _aRU
_bELAR
_2rusmarc
852 _aNLR
_j72-4/10201
942 _cBOOK
980 _aNB